| 000 | 00473nam a2200169 4500 | ||
|---|---|---|---|
| 003 | SEACOMEC | ||
| 005 | 20240112123820.0 | ||
| 008 | 240112b |||||||| |||| 00| 0 eng d | ||
| 020 | _cRs.395.00 | ||
| 040 | _aSEACOMEC | ||
| 082 |
_a518.6 _bM453 |
||
| 100 | _aMukhopadhayay,Asok kumar | ||
| 245 | 1 |
_aMathematical methods for engineer and physicists _cAsok Kumar Mukhopadhyay |
|
| 260 |
_aNew Delhi _bWheeler _c1998 |
||
| 650 | _amathematics,Numerical analysis | ||
| 942 | _cBOOK | ||
| 999 |
_c463 _d463 |
||